| 000 | 01333nam0a22002651 4500 | ||
|---|---|---|---|
| 001 | rc\4386280 | ||
| 005 | 20260407163803.0 | ||
| 021 |
_aRU _b66-ОЭ-611/37 |
||
| 021 |
_aRU _bРг2462-66 |
||
| 035 | _a(NLR Aleph) 008292173 | ||
| 090 |
_a8583037 _c8583037 |
||
| 100 | _a20130416d1965 |||y0rusy50 ca | ||
| 101 | 0 | _arus | |
| 102 | _aRU | ||
| 105 | _ay z ||||| | ||
| 200 | 1 |
_aВременная инструкция по замене натяжных гирлянд изоляторов на анкерных опорах с раздельным креплением проводов (на ЛЭП 500 кв. "Волжская ГЭС им. XXII съезда КПСС - Москва") _fМ-во энергетики и электрификации СССР. Главцентрэнерго. Моск. район. энерг. упр. Мосэнерго. Упр. эксплуатации электросетей 500 кв. Дом энергетики |
|
| 210 |
_aМосква _cБ. и. _d1965 |
||
| 215 |
_a[1], 5 с. _d19 |
||
| 300 | _aОтпеч. множит. аппаратом | ||
| 712 | 0 | 1 |
_aСССР _bГлавное упр. электростанций и сетей центра _3RU\NLR\AUTH\8810102729 _9706084 |
| 801 | 0 |
_aRU _bNLR _gpsbo |
|
| 801 | 1 |
_aRU _bELAR _2rusmarc |
|
| 852 |
_aNLR _j66-4/4777 |
||
| 942 | _cBOOK | ||
| 980 | _aNB | ||